| 000 | 00582nam a22001815i 4500 | ||
|---|---|---|---|
| 001 | 53266 | ||
| 003 | ES-MaACL | ||
| 005 | 20250704063109.0 | ||
| 007 | t| | ||
| 008 | 950911s1883 sp ||||1| spa d | ||
| 040 |
_aCAM _bspa _cCAM |
||
| 100 | 1 |
_aDurán y Bas, Manuel, _d1823-1907 _946240 |
|
| 245 | 1 | 0 |
_aMemoria acerca de las instituciones del Derecho Civil de Cataluña / _cpor Manuel Durán y Bas. |
| 260 |
_aBarcelona : _b[s.n.], _c1883 ( _fImp. de la Casa de la Caridad) |
||
| 300 |
_aCVI, 406 p. ; _c26 cm. |
||
| 852 |
_aES-MaACL _jC-2763 |
||
| 999 |
_c53266 _d53266 |
||